000 04232nab a2200301 i 4500
003 BR-BrBNA
005 20230905130652.0
008 230508b2018 bl.ar|pooa||| 00| 0 eng |
040 _aBR-BrBNA
_beng
072 _aH60
100 _aDiesel, F.
100 _aTrezzi, M.M.
100 _aGallon, M.
100 _aBalbinot Junior, A.A.
100 _aPagnoncelli, F.B.
245 _aTolerance to glyphosate in broadleaf buttonweed and white-eye biotypes
500 _aPublicação on-line; 34 ref.; 8 tables; 4 illus.; Summaries (En, Pt)
520 _a ABSTRACT - Infesting species of Rubiaceae family have great importance in soybean crops in Southwest of Paraná and North of Santa Catarina, especially due to the selection of tolerant populations caused by the pressure of selection exerted by intensive use of glyphosate. The study aimed to evaluate the levels of tolerance to glyphosate in biotypes of broadleaf buttonweed (Borreria latifolia) (BL) and whiteeye (Richardia brasiliensis) (RB) by means of dose-response curves. Two experiments were conducted in a greenhouse, in completely randomized design (CRD), with four replications. Fourteen BL biotypes and eleven RB biotypes were evaluated, collected in soybean fields of Paraná and Santa Catarina. The doses of glyphosate were 0, 74, 163, 360, 792 and 1,742 g ha-1, applied when the plants had 6 to 8 leaves. Visual control was evaluated at 14 and 28 days after application (DAA), as well as mass of green shoots and mass of dry shoots at 28 DAA. It was verified that there is response variability among the biotypes studied. BL biotypes 277, 283 and 300, and RB biotypes 283, 285 and Papanduva were not controlled with glyphosate at doses superior to those normally used in crops (720 g ha-1), indicating selection by the recurrent use of glyphosate. The tolerance factors ranged from 1.1 to 4.1 and 2.8 to 8.1 for RB and BL, respectively. The greatest difficulties of control were reported in areas where RR technology had been adopted for more than six years. Keywords: Borreria latifolia, herbicide, Richardia brasiliensis, selection.
520 _a RESUMO - Espécies infestantes da família Rubiaceae apresentam grande importância em lavouras de soja no sudoeste do PR e norte de SC, especialmente devido à seleção de populações tolerantes ocasionada pela pressão de seleção exercida pelo uso intensivo do herbicida glyphosate. Este trabalho objetivou avaliar os níveis de tolerância ao glyphosate em biótipos de erva-quente (Borreria latifolia) (BL) e poaia-branca (Richardia brasiliensis) (RB) por meio de curvas de dose-resposta. Dois experimentos foram conduzidos em casa de vegetação, em delineamento inteiramente casualizado (DIC) com quatro repetições. Foram avaliados 14 biótipos de BL e 11 biótipos de RB coletados em lavouras de soja do PR e SC. As doses de glyphosate foram de 0, 74, 163, 360, 792 e 1.742 g ha-1, aplicadas quando as plantas estavam com 6 a 8 folhas. Avaliou-se o controle visual aos 14 e 28 dias após a aplicação (DAA), e a massa da parte aérea verde e seca, aos 28 DAA. Há variabilidade de resposta entre os biótipos estudados. Os biótipos de BL 277, 283 e 300 e os biótipos de RB 283, 285 e Papanduva não foram controlados com o glyphosate em doses superiores à usualmente utilizada nas lavouras (720 g ha-1), evidenciando seleção pelo uso repetitivo do glyphosate. Os fatores de tolerância variaram de 1,1 a 4,1 e 2,8 a 8,1 para BL e RB, respectivamente. As maiores dificuldades de controle foram relatadas em áreas onde a tecnologia RR tinha sido adotada há mais de seis anos. Palavras-chave: Borreria latifolia, herbicida, Richardia brasiliensis, seleção
650 _aRICHARDIA BRASILIENSIS
650 _aPOAIA BRANCA
650 _aHERBICIDA
650 _aSELEÇÃO
773 0 _0886
_91815
_dLondrina-PR : Sociedade Brasileira da Ciência das Plantas Daninhas, 1978
_o2023-031022
_tPlanta Daninha (Brazil)
_x0100-8358; 1806-9681 (on-line)
_gv. 36 p. 1-14; (2018)
_wBR2023000138
856 _uhttps://www.scielo.br/j/pd/a/cLXVt7SttJMhq7gMbJZ6ZhS/?format=pdf&lang=en
942 _cAnalítica
999 _c9055
_d9055